5HLuxD.jpg

KING HENRY VIII SENIOR AND PRIMARY SCHOOL LIBRARY OPAC

THE UNMAPPED CHRONICLES (Record no. 5524)

000 -LEADER
fixed length control field 00416nam a22001217a 4500
008 - FIXED-LENGTH DATA ELEMENTS--GENERAL INFORMATION
fixed length control field 250926b ||||| |||| 00| 0 eng d
020 ## - INTERNATIONAL STANDARD BOOK NUMBER
International Standard Book Number 9781534443112
082 ## - DEWEY DECIMAL CLASSIFICATION NUMBER
Classification number 823.92 ELP
100 ## - MAIN ENTRY--PERSONAL NAME
Personal name ELPHINSTONE,ABI
Relator term AUTHOR
Language of a work ENGLISH
245 ## - TITLE STATEMENT
Title THE UNMAPPED CHRONICLES
260 ## - PUBLICATION, DISTRIBUTION, ETC.
Place of publication, distribution, etc. 1230 AVENUE OF THE AMERICAS,NEW YORK,NEW YORK 10020
Name of publisher, distributor, etc. ALDIIN,AN IMPRINT OF SIMON & SCHUSTER CHILDREN'S PUBLISHING DIVISION
Date of publication, distribution, etc. 2020
942 ## - ADDED ENTRY ELEMENTS (KOHA)
Source of classification or shelving scheme
Holdings
Withdrawn status Lost status Source of classification or shelving scheme Damaged status Not for loan Collection code Permanent Location Current Location Shelving location Date acquired Source of acquisition Full call number Barcode Date last seen Price effective from Koha item type Public note
          Fiction KH8 Primary School Library KH8 Primary School Library Fiction 2025-09-26 SOF 823.92 ELP KHPL000007221 2025-12-05 2025-09-26 Books - Fiction PRIMARY LIBRARY

Powered By KH8 IT Dept